O nelegálnom vyhýbaní sa plateniu daní
Tieňová ekonomika a nelegálne daňové úniky. Eliminácia, prípadne minimalizácia daňových únikov ako jedna z dominantných úloh daňovej administrácie a daňovej techniky. Globálny rast tieňovej ekonomiky. Legálne a nelegálne daňové úniky. Daňové raje. Predpoklady eliminácie daňových únikov.
Enregistré dans:
| Auteur principal: | |
|---|---|
| Format: | Chapitre de livre |
| Langue: | slovaque |
| Sujets: | |
| Tags: |
Pas de tags, Soyez le premier à ajouter un tag!
|
MARC
| LEADER | 00000naa a2200000 4500 | ||
|---|---|---|---|
| 001 | r033341 | ||
| 005 | 20230921102111.9 | ||
| 041 | 0 | |a slo | |
| 044 | |a SK | ||
| 245 | 1 | 0 | |a O nelegálnom vyhýbaní sa plateniu daní |c Emil Burák |
| 520 | |a Tieňová ekonomika a nelegálne daňové úniky. Eliminácia, prípadne minimalizácia daňových únikov ako jedna z dominantných úloh daňovej administrácie a daňovej techniky. Globálny rast tieňovej ekonomiky. Legálne a nelegálne daňové úniky. Daňové raje. Predpoklady eliminácie daňových únikov. | ||
| 610 | 2 | 0 | |a dane |
| 610 | 2 | 0 | |a únik daňový |
| 610 | 2 | 0 | |a offshore |
| 610 | 2 | 0 | |a ekonomika tieňová |
| 610 | 2 | 0 | |a systémy daňové |
| 610 | 2 | 0 | |a sústava daňová |
| 100 | 1 | |a Burák, Emil | |